=LDR 00000nam 2200000 4500 =001 INLIS000000000024361 =005 20130612122944 =008 ***********************************ind** =035 ##$$0010-061300000024361 =041 ##$$a ind =082 ##$$a 398.959 8 =090 ##$$a 398.959 8, Pan d =100 ##$$a Pandelaki, D.S =245 ##$$a 2000 Peribahasa Indonesia, D.S. Pandelaki =850 ##$$a NBPNMAT =990 ##$$a 0001/BPAP-NTB/20142014 =990 ##$$a 0001/BPAP-NTB/2016